| 000 -LEADER |
| fixed length control field |
00684nam a2200205 a 4500 |
| 005 - DATE AND TIME OF LATEST TRANSACTION |
| control field |
20131028064957.0 |
| 008 - FIXED-LENGTH DATA ELEMENTS--GENERAL INFORMATION |
| fixed length control field |
880108s1986 cau b 001 0 eng |
| 020 ## - INTERNATIONAL STANDARD BOOK NUMBER |
| International Standard Book Number |
0155767100 |
| 041 0# - LANGUAGE CODE |
| Language code of text/sound track or separate title |
eng |
| 080 ## - UNIVERSAL DECIMAL CLASSIFICATION NUMBER |
| Universal Decimal Classification number |
323.27 |
| 245 00 - TITLE STATEMENT |
| Title |
Revolutions : |
| Statement of responsibility, etc |
edited by Jack A. Goldstone ; under the general editorship of Robert K. Merton. |
| 260 ## - |
| -- |
San Diego : |
| -- |
Harcourt Brace Jovanovich, |
| -- |
c1986. |
| 300 ## - |
| -- |
vi, 343 p. ; |
| -- |
24 cm. |
| 500 ## - |
| -- |
Preface : f. III - IV |
| 500 ## - |
| -- |
Includes index. |
| 504 ## - BIBLIOGRAPHY, ETC. NOTE |
| Bibliography, etc |
Bibliography: p. [325]-330. |
| 650 #0 - |
| -- |
Revolucionet |
| -- |
Rast studimi |
| 700 1# - |
| -- |
Goldstone, Jack A. |
| 942 ## - ADDED ENTRY ELEMENTS (KOHA) |
| Source of classification or shelving scheme |
|
| Item type |
Books |